LEADER 01893nam a2200277 i 4500 001 000000028497 003 CaOOAMICUS 005 20210430123608.0 008 180830s1726 it u000 u lat u 040 $aSeMil$bita 100 1 $aFrassen, Claude,$d<1620-1711>.$0(OLS)http://semarc/name/13029 240 10$aPhilosophiae academicae.$0(OLS)http://semarc/title/38685 245 10$aPhilosophia academica r.p. Claudii Frassen Ordinis Minorum Reg. Obs. lectoris jubilati, et Facultatis Parisiensis Doctoris recens in lucem edita correctior, & emendatior, et in 4. tomos distributa opera p. f. Josephi Mariae ab Ebora .. 260 $aRomae :$bEx Typographia Rocchi Bernabò,$c1726. 300 $a4 v. ;$c4°. 500 $aNel tit. il numero 4. è espresso: IV. - Testo su due colonne. - Fregi, iniz. xilogr. 700 1 $aEvora, José Maria.$0(OLS)http://semarc/name/13028 700 1 $aBernabò, Rocco,$c.$0(OLS)http://semarc/name/13030 773 0 $aFrassen, Claude <1620-1711>$tR.p. Claudii Frassen ... Universa Philosophia, ac Theologia sexdecim in tomos distributa iterùm in lucem edita opera P.F. Josephi Mariae ab Ebora ..$dRomae : Ex Typographia Rocchi Bernabò, 1726.$w()28498 774 0 $tTomus 1. Logicam, et Metaphysicam complectens.$g1$w()69131 774 0 $tTomus 2. Primam, et Secundam partem Physicæ complectens.$g2$w()69135 774 0 $tTomus 3. tertiam partem physicae complectens.$g3$w()69138 774 0 $tTomus 4. Moralem scientiam complectens.$g4$w()69142 996 $6245$aPhilosophia academica r.p. Claudii Frassen Ordinis Minorum Reg. Obs. lectoris jubilati, et Facultatis Parisiensis Doctoris recens in lucem edita correctior, & emendatior, et in 4. tomos distributa opera p. f. Josephi Mariae ab Ebora ..$9(OLS)http://semarc/title/38684 996 $6260$aRomae :$bEx Typographia Rocchi Bernabò$9(OLS)http://semarc/publisher/37779 LEADER 01276nam a2200253 i 4500 001 000000066377 003 CaOOAMICUS 005 20230421115636.0 008 130513s1733 it u000 u lat u 026 $aa-n- umr* e?ad Dino (3) 1733 (R) 040 $aSeMil$bita 100 1 $aBenitez de Lugo, Cayetano,$c.$0(OLS)http://semarc/name/33302 245 10$aVera Christi gratia illuminans, vocans, & efficaciter adjuvans infideles, excoecatos, & obduratos ... Auctore R. P. Fr. Cajetano Benitez de Lugo .. 260 $aRomae :$bEx Typographia Rochi Bernabò,$c1733. 300 $a[40], 407, [1] p. ;$cfol. 500 $aSegn.: a-e4 A-3E4 650 4$aTeologia - Testi - Sec. 18.$0(OLS)http://semarc/subject/197 700 1 $aBernabò, Rocco,$c.$0(OLS)http://semarc/name/13030 850 $aSeMil 852 $aSeMil$W1$xVenegono$y1$m2N IV 8 FA$j32530$B32530$CSeMilBibl$Z2$F32533 $8I 961 $aRecupero: Collegio Helvetico 996 $6245$aVera Christi gratia illuminans, vocans, & efficaciter adjuvans infideles, excoecatos, & obduratos ... Auctore R. P. Fr. Cajetano Benitez de Lugo ..$9(OLS)http://semarc/title/105560 996 $6260$aRomae :$bEx Typographia Rochi Bernabò$9(OLS)http://semarc/publisher/42670